Statistics for Mest befolkede lande i verden Quiz

Click here to take the quiz!

General Stats

  • This quiz has been taken 164 times
    (162 since last reset)
  • The average score is 15 of 24

Answer Stats

IndbyggertalLand% Correct
1,447 milKina
97%
331 milUSA
95%
146 milRusland
92%
1,380 milIndien
89%
68.1 milFrankrig
86%
213 milBrasilien
84%
127 milJapan
83%
83.8 milTyskland
83%
129 milMexico
76%
67.9 milStorbritannien
64%
274 milIndonesien
59%
102 milEgypten
58%
84.0 milIran
57%
60.5 milItalien
54%
69.8 milThailand
52%
84.4 milTyrkiet
51%
221 milPakistan
50%
206 milNigeria
49%
97.4 milVietnam
46%
89.6 milD.R. Congo
40%
165 milBangladesh
36%
110 milFilippinerne
33%
115 milEtiopien
27%
59.7 milTanzania
20%

Score Distribution

Percentile by Number Answered

Percent of People with Each Score

Your Score History

You have not taken this quiz since the last reset